| 000 | 01960cam a2200325 i 4500 | ||
|---|---|---|---|
| 003 | SA-RiAUC | ||
| 005 | 20251008065351.0 | ||
| 008 | 251004s2007 mr g b 00010 ara c | ||
| 020 | _a9954886516 | ||
| 024 | 0 | _a00000001027024 | |
| 040 |
_aSA-MaUQU _bara _cSA-RiAUC _dAE-DuMBRL _erda |
||
| 050 | 4 | _b.A23 2007 | |
| 082 | 0 | 4 |
_a228.9 _qSA-RiAUC |
| 090 |
_a228.9 _bع ب ا |
||
| 100 | 1 |
_aعبادي، أحمد، _d1960- _eمؤلف. |
|
| 245 | 1 | 0 |
_aمفهوم الترتيل في القرآن الكريم : _bالنظرية والمنهج / _cتأليف أحمد عبادي. |
| 250 | _aالطبعة الأولى. | ||
| 264 | 1 |
_aالرباط : _bدار أبي رقراق للطباعة والنشر، _c2007. |
|
| 300 |
_a280 صفحة ؛ _c24 × 17 سم |
||
| 336 |
_aنص _btxt _2rdacontent _3كتاب |
||
| 337 |
_aبدون وسيط _bn _2rdamedia |
||
| 338 |
_aمجلد _bnc _2rdacarrier |
||
| 500 | _aببليوجرافية : صفحة 267-276. | ||
| 505 | 0 | _aالمحتويات : الباب الأول : نظرية الترتيل-الفصل الأول : العلاقة بين الوحدة البنائية والوحدة المعرفية-المبحث الأول : بنائية القرآن المجيد-المبحث الثاني : أهمية بنائية القرآن الكريم في المجال المعرفي-المبحث الثالث : بين علوم التسخير وعلوم التيسير-أولا علوم التسخير وعلاقتها بالوحدة البنائية-مفهوم التسخير-علاقة التسخير بالوحدة البنائية للكون-ثانيا : علوم التيسير وعلاقتها بالوحدة النهائية للقرآن-مفهوم التيسير ... وموضوعات أخرى. | |
| 630 | 2 | 7 |
_aالقرآن _xتجويد _2aucut |
| 630 | 2 | 7 |
_aالقرآن _xآداب التلاوة _2aucut |
| 730 | 2 | 2 | _aالقرآن |
| 942 |
_2ddc _cBOOK _n0 |
||
| 949 |
_aSA-JeALM _d251004 _umohamedma123 _n1 |
||
| 999 |
_c12475 _d12475 |
||